Wszyscy zawodnicy Chicago Bulls włączeni do galerii sław i - Statystyki

Ogólne statystyki
  • Ten quiz został rozwiązany 33 razy
    30 od ostatniego zresetowania
  • Średni wynik to 6 z 14
Statystyki odpowiedzi
okres gry w chicago pozycja Odpowiedź % Poprawnych
1984–1993,1995–1998 SG Michael Jordan
100%
1987–1998, 2003–2004 SF Scottie Pippen
93%
1995–1998 PF Dennis Rodman
89%
Trener Brak Phil Jackson
67%
1993–2000 SF Toni Kukoc
63%
Trener Brak Jerry Sloan
33%
1996–1997 C Robert Parish
30%
1976–1982, 1987 C Artis Gilmore
26%
1985–1986 SG George Gervin
22%
2006–2008 C Ben Wallace
11%
1974- 1976 C Nate Thurmond
11%
1969–1975 SF Chet Walker
7%
Trener Brak Tex Winter
7%
1966–1967 PG Guy Rodgers
4%
Nie znaleziono quizów pasujących do podanych kryteriów
Rozkład punktacji
Procent ludzi z każdym wynikiem
Percentyl według liczby udzielonych odpowiedzi
Twoja historia wyników
Nie rozwiązałeś tego quizu od ostatniego zresetowania